Trends in Malaysia II : Proceedings and background paper
Zapisane w:
| Format: | Książka |
|---|---|
| Język: | Undetermined |
| Wydane: |
Singapore
Published by Singapore University Press for ISEAS
1974
|
| Hasła przedmiotowe: | |
| Etykiety: |
Dodaj etykietę
Nie ma etykietki, Dołącz pierwszą etykiete!
|
| Thư viện lưu trữ: | Trung tâm Học liệu Trường Đại học Cần Thơ |
|---|
| LEADER | 00624nam a2200193Ia 4500 | ||
|---|---|---|---|
| 001 | CTU_90179 | ||
| 008 | 210402s9999 xx 000 0 und d | ||
| 082 | |a 330.9595 | ||
| 082 | |b C514 | ||
| 245 | 0 | |a Trends in Malaysia II : | |
| 245 | 0 | |b Proceedings and background paper | |
| 245 | 0 | |c Edited by Yong Mun Cheong | |
| 260 | |a Singapore | ||
| 260 | |b Published by Singapore University Press for ISEAS | ||
| 260 | |c 1974 | ||
| 650 | |a Malaysia,Malaysia,Malaysia | ||
| 650 | |x Economic conditions,Politics and government.,Social conditions | ||
| 904 | |i Năm,Hải | ||
| 980 | |a Trung tâm Học liệu Trường Đại học Cần Thơ | ||